000 01857nam0a2200313 4500
001 RU\NLR\bibl\1357805
005 20250615182847.0
010 _a978-5-94920-075-9
_9300
021 _aRU
_b2008-15096
035 _a(NLR Aleph) 001349996
090 _a914733
_c914733
100 _a20090417d2007 |||y0rusy50 ca
101 0 _arus
102 _aRU
105 _aa |||||||||
200 1 _aПроектирование многоуровневых систем управления в интегрированной среде разработки TRACE MODE 6
_eучебное пособие по курсу "Проектирование автоматизированных систем"
_fГ.Х. Кутлуяров, Р.Ш Тарисов
_gМ-во образования и науки Рос. Федерации, Федер. агентство по образованию, Гос. образоват. учреждение высш. проф. образования "Уфим. гос. нефт. техн. ун-т", Самостоят. структурное подразделение "Ин-т доп. проф. образования"
210 _aУфа
_cМонография
_d2007
215 _a171 с.
_cил.
_d21
320 _aБиблиогр.: с. 147 (3 назв.)
606 1 _aTRACE MODE 6, система управления технологическими процессами
_jУчебные издания для высших учебных заведений
_92565919
_3RU\NLR\auth\661517578
686 _aЗ986.1я73-1
700 1 _aКутлуяров
_bГ. Х.
_gГеоргий Халифович
_4070
701 1 _aТарисов
_bР. Ш.
_gРинат Шамилевич
_4070
801 0 _aRU
_bNLR
_c20090417
_gRCR
801 1 _aRU
_bNLR
_c20090417
830 _aавт. по кн.
942 _cBOOK
980 _aNB